000 01490nam0a2200373 4500
001 RU\NLR\bibl\1664094
005 20260405154042.0
010 _a978-5-382-01217-9
021 _aRU
_b2010-52878
_93479
035 _a(nilc)RSL-KNO-004705874
035 _a(NLR Aleph) 001655375
090 _a947897
_c947897
100 _a20100712d2010 |||y0rusy50 ca
101 0 _arus
_aeng
102 _aRU
105 _aa zzzz|||||
200 1 _aРазвитие многозначной логики
_fА. С. Карпенко
_gРоссийская акад. наук, Ин-т философии
205 _aИзд. 3-е, перераб. и доп.
210 _aМосква
_cURSS
_cИзд-во ЛКИ
_d2010
215 _a444 с.
_cил., табл.
_d22
300 _aТекст рус., англ.
313 _a2-е изд. выходило под заглавием "Многозначные логики"
320 _aБиблиогр.: с. 346-415
320 _aУказ. имен., предм.: с. 416-432
606 1 _aМногозначная логика
_91529792
_3RU\NLR\auth\66666007
686 _aВ123
700 1 _4070
_8rus
_7ca
_aКарпенко
_bА. С.
_cд-р филос. наук
_f1946-
_gАлександр Степанович
_3RU\NLR\auth\7765018
_947947
801 0 _aRU
_bРГБ
_c20100712
_grcr
801 1 _aRU
_bРГБ
_c20100712
801 2 _aRU
_bNLR
_c20100816
_grcr
942 _cBOOK
980 _aNB